Elementary circuit properties of transistors
Na minha lista:
| Autor principal: | |
|---|---|
| Outros Autores: | , , , |
| Formato: | Livro |
| Idioma: | English |
| Publicado em: |
New York, New York : J. Wiley,
1964.
|
| Colecção: | Semiconductor Electronics Education Committee books ; v. 3
|
| Assuntos: | |
| Tags: |
Adicionar Tag
Sem tags, seja o primeiro a adicionar uma tag!
|
MARC
| LEADER | 00000nam a2200000Ia 4500 | ||
|---|---|---|---|
| 003 | 001908 | ||
| 005 | 20221231143949.0 | ||
| 008 | 140114s1964 nyua 000 ||eng d | ||
| 040 | |c cru CEDI | ||
| 082 | |a 621.381.51 S439e | ||
| 100 | |a Searle, Campbell L. |9 19039 | ||
| 245 | |a Elementary circuit properties of transistors | ||
| 260 | |a New York, New York : J. Wiley, |c 1964. | ||
| 300 | |a xxi, 306 páginas : ilustraciones | ||
| 440 | |a Semiconductor Electronics Education Committee books ; v. 3 |9 19169 | ||
| 650 | |x CIRCUITOS DE TRANSISTORES |9 19170 | ||
| 700 | |9 19167 |a Boothroyd, A. R. | ||
| 700 | |9 19148 |a Angelo, E.J | ||
| 700 | |9 19037 |a Gray, Paul E. | ||
| 700 | |9 19146 |a Pederson, Donald O | ||
| 942 | |2 ddc |c BK | ||
| 999 | |c 14876 |d 14876 | ||
